Witamy w Bibliotece Naukowej Instytutu Łączności!

Elektromagnitnaja sovmestimost' radioelektronnych sredstv / (Rekord nr 13559)

000 -LEADER
fixed length control field 00415 a2200109 4500
100 1# - MAIN ENTRY--PERSONAL NAME
Personal name Vinogradov, E.M..
Relator term Autor
245 0# - TITLE STATEMENT
Title Elektromagnitnaja sovmestimost' radioelektronnych sredstv /
Statement of responsibility, etc Vinogradov E.M., Vinokurov V.I., Charcenko I.P..
260 ## - PUBLICATION, DISTRIBUTION, ETC. (IMPRINT)
Place of publication, distribution, etc Leningrad :
Name of publisher, distributor, etc Sudostroenie,
Date of publication, distribution, etc 1986.
300 ## - PHYSICAL DESCRIPTION
Extent 264 s.:
Other physical details il.;
Dimensions 22 cm.
700 1# - ADDED ENTRY--PERSONAL NAME
Personal name Vinokurov, V.I..
Relator term Autor
700 1# - ADDED ENTRY--PERSONAL NAME
Personal name Charcenko, I.P..
Relator term Autor
710 2# - ADDED ENTRY--CORPORATE NAME
Corporate name or jurisdiction name as entry element Sudostroenie.
Relator term Wydawca
Relator code pbl

Brak dostępnych egzemplarzy.

Działa dzięki Koha